Countries by LGBT ranking - Statistics

General Stats
  • This quiz has been taken 23 times
  • The average score is 16 of 196
Answer Stats
Rank Country % Correct
1 Iceland
86%
8 Germany
50%
5 Denmark
43%
3 Norway
43%
4 Spain
36%
17 Sweden
36%
12 Australia
29%
11 Canada
29%
15 Finland
29%
16 Netherlands
29%
14 New Zealand
29%
31 United Kingdom
29%
32 United States
29%
9 Andorra
21%
21 Argentina
21%
23 Austria
21%
19 Belgium
21%
18 Brazil
21%
7 Chile
21%
24 Colombia
21%
48 Croatia
21%
10 Cuba
21%
22 Czech Republic
21%
39 Ecuador
21%
37 Greece
21%
27 Ireland
21%
38 Italy
21%
30 Liechtenstein
21%
34 Luxembourg
21%
6 Malta
21%
25 Mexico
21%
64 Poland
21%
13 Portugal
21%
35 San Marino
21%
69 Slovakia
21%
41 Slovenia
21%
26 Switzerland
21%
2 Uruguay
21%
194 Afghanistan
14%
51 Barbados
14%
42 Bolivia
14%
29 Costa Rica
14%
46 Estonia
14%
52 Fiji
14%
20 France
14%
188 Iran
14%
57 Japan
14%
79 Latvia
14%
76 Lithuania
14%
58 Monaco
14%
50 Montenegro
14%
28 Nepal
14%
103 Paraguay
14%
55 Peru
14%
36 South Africa
14%
75 Albania
7%
165 Algeria
7%
98 Antigua and Barbuda
7%
115 Bahamas
7%
126 Belarus
7%
67 Belize
7%
59 Bhutan
7%
66 Bosnia and Herzegovina
7%
49 Botswana
7%
89 Bulgaria
7%
33 Cape Verde
7%
47 Cyprus
7%
110 Dominica
7%
96 Dominican Republic
7%
90 El Salvador
7%
139 Grenada
7%
102 Guatemala
7%
99 Guyana
7%
122 Haiti
7%
81 Honduras
7%
70 Hungary
7%
53 India
7%
143 Jamaica
7%
121 Kiribati
7%
73 Kosovo
7%
74 Micronesia
7%
100 Moldova
7%
87 Nauru
7%
83 Nicaragua
7%
71 North Macedonia
7%
111 Palau
7%
95 Panama
7%
129 Papua New Guinea
7%
56 Philippines
7%
77 Romania
7%
119 Russia
7%
189 Senegal
7%
68 Serbia
7%
44 Seychelles
7%
86 Singapore
7%
195 Somalia
7%
107 St Kitts and Nevis
7%
105 St Lucia
7%
156 St Vincent and the Grenadines
7%
92 Suriname
7%
45 Taiwan
7%
40 Thailand
7%
176 Tonga
7%
128 Trinidad and Tobago
7%
72 Ukraine
7%
113 Vatican City
7%
61 Venezuela
7%
88 Angola
0%
130 Armenia
0%
145 Azerbaijan
0%
101 Bahrain
0%
133 Bangladesh
0%
125 Benin
0%
193 Brunei
0%
177 Burkina Faso
0%
175 Burundi
0%
82 Cambodia
0%
184 Cameroon
0%
124 Central African Republic
0%
157 Chad
0%
60 China
0%
153 Comoros
0%
141 Democratic Republic of the Congo
0%
105 Djibouti
0%
174 Egypt
0%
97 Equatorial Guinea
0%
190 Eritrea
0%
127 Eswatini
0%
169 Ethiopia
0%
131 Gabon
0%
192 Gambia
0%
114 Georgia
0%
149 Ghana
0%
158 Guinea
0%
106 Guinea-Bissau
0%
138 Indonesia
0%
166 Iraq
0%
43 Israel
0%
136 Ivory Coast
0%
151 Jordan
0%
140 Kazakhstan
0%
142 Kenya
0%
187 Kuwait
0%
144 Kyrgyzstan
0%
84 Laos
0%
154 Lebanon
0%
85 Lesotho
0%
155 Liberia
0%
164 Libya
0%
118 Madagascar
0%
180 Malawi
0%
150 Malaysia
0%
186 Maldives
0%
183 Mali
0%
173 Mauritania
0%
63 Mauritius
0%
93 Mongolia
0%
163 Morocco
0%
65 Mozambique
0%
132 Myanmar
0%
91 Namibia
0%
134 Niger
0%
171 Nigeria
0%
116 North Korea
0%
191 Oman
0%
112 Pakistan
0%
147 Palestine
0%
182 Qatar
0%
120 Republic of the Congo
0%
104 Rwanda
0%
117 Samoa
0%
78 São Tomé and Principe
0%
168 Saudi Arabia
0%
162 Sierra Leone
0%
137 Solomon Islands
0%
80 South Korea
0%
185 South Sudan
0%
123 Sri Lanka
0%
161 Sudan
0%
152 Syria
0%
109 Tajikistan
0%
160 Tanzania
0%
54 Timor-Leste
0%
178 Togo
0%
159 Tunisia
0%
108 Turkey
0%
148 Turkmenistan
0%
135 Tuvalu
0%
179 Uganda
0%
170 United Arab Emirates
0%
146 Uzbekistan
0%
94 Vanuatu
0%
62 Vietnam
0%
172 Yemen
0%
181 Zambia
0%
167 Zimbabwe
0%
No matching quizzes found
Score Distribution
Percent of People with Each Score
Percentile by Number Answered
Your Score History
You have not taken this quiz